| 000 | 00369nam a2200121Ia 4500 | ||
|---|---|---|---|
| 008 | 230907s9999||||xx |||||||||||||| ||und|| | ||
| 082 |
_a352.0516 _bHIS |
||
| 245 | 0 | _aHistorical Witness to Ethnic Equality, Unity and Development in Xinjiang / | |
| 260 |
_aForeign Language Press, _bBeijing : _c2015 |
||
| 300 | _a55 p. | ||
| 650 |
_aChinese Studies _9116247 |
||
| 942 | _cBK | ||
| 999 |
_c601658 _d601658 |
||